BIBLIOTHÈQUE DE LA MAISON DU MEXIQUE

Logo 1 Logo 2

Bajo la piel (notice nᵒ 5298)

détails MARC
000 -Sello discográfico
campo de control de longitud fija 00730nam a2200253 4500
005 - Identificación de versión
campo de control 20251016084441.0
010 ## - Número Estándar Internacional de Libros (ISBN)
Número (ISBN) 978-970-93176-02
035 ## - Otros números de control del sistema
Número de control del sistema 32845
099 ## - fechas locales
Tipo de ítem Koha LIBRO
100 ## - Datos de procesamiento general
Datos de procesamiento general 20111031d2002 m y0spay5003 ba
105 ## - Campo de datos codificados: Material textual, monográfico
Datos codificados de monografía y 001gy
200 1# - Título y mención de responsabilidad
Título propio Bajo la piel
Designación general del material texto impreso
Primer mención de responsabilidad Trizia de Ovando Canalizo
205 ## - Declaración de edición
Declaración de edición 1a ed
210 ## - Publicación, distribución, etc.
Lugar de publicación, distribución, etc. México
Nombre del editor, distribuidor, etc. Editorial Grupo Oval
Fecha de publicación, distribución, etc. 2002
215 ## - Descripción física
Designación de material específico y extensión del ítem 87 p
Dimensiones 22 cm
345 ## - Nota de información de adquisición
Fuente de adquisición/dirección de la suscripción [OBSOLETO] Donación 'Salon du Livre 2009'
700 ## - Nombre personal - Responsabilidad primaria
Elemento de entrada Ovando Canalizo
Parte del nombre distinta del elemento de entrada Trizia de
Fechas 1977-
Número Koha 10530
801 #0 - Fuente de origen
País FR
Agencia cm
Reglas de catalogación (convenciones descriptivas) AFNOR
900 ## -
-- 1/20760
942 ## - ELEMENTOS DE ENTRADA SECUNDARIOS (KOHA)
Tipo de ítem Koha Livre
996 ## -
-- MEX
-- 751145101
-- MMAG
-- 000676
-- 861.64 O96B
-- 20111031LIV
Exemplaires
Estatus retirado Estado de daño Estado de pérdida Fecha de adquisición Biblioteca de origen Biblioteca actual Ubicación en estantería Código de barras Precio de reemplazo Signatura topográfica completa No para préstamo Tipo de ítem Koha Nota pública Nota no pública
      05/08/2025 Casa México Paris Casa México Paris   000676 05/08/2025 861.64 O96B   Livre 20111031LIV 751145101